[Event "Novy Smokovec"]
[Site "Novy Smokovec"]
[Date "1992.??.??"]
[Round "?"]
[White "Van Wely, Loek"]
[Black "Salai, Ladislav"]
[Result "1-0"]
[WhiteElo "2525"]
[BlackElo "2380"]

1.d4 f5 2.Nc3 d5 3.Bg5 Nf6 4.Bxf6 exf6 5.e3 Be6 6.Bd3 Bb4 7.h4 Qd7 8.Qd2 O-O
9.a3 Ba5 10.h5 Nc6 11.Nge2 Rfe8 12.Nf4 Nd8 13.b4 Bb6 14.Nce2 a5 15.b5 Nf7
16.Nxe6 Qxe6 17.Nf4 Qd7 18.O-O Kh8 19.c4 dxc4 20.Bxc4 Nh6 21.Rfc1 c6 22.bxc6 bxc6
23.Be2 Nf7 24.Qc2 Rac8 25.Rab1 Ba7 26.Bf3 Nd8 27.Qa4 Bb8 28.d5 Bxf4 29.exf4 Qa7
30.dxc6 Ne6 31.Rc4 Red8 32.Rb7 Qa6 33.c7 Re8  1-0

[Event "Novy Smokovec"]
[Site "Novy Smokovec"]
[Date "1992.??.??"]
[Round "?"]
[White "Meduna, Eduard"]
[Black "Van Wely, Loek"]
[Result "1/2-1/2"]
[WhiteElo "2435"]
[BlackElo "2525"]

1.d4 Nf6 2.Nf3 g6 3.Nbd2 Bg7 4.e4 d6 5.Bd3 O-O 6.O-O Nbd7 7.c3 e5 8.Re1 b6
9.a4 a5 10.Nc4 Qe7 11.dxe5 dxe5 12.b4 axb4 13.cxb4 Bb7 14.Ba3 Rfd8 15.Qc2 Nh5
16.Ne3 Nf4 17.Bc4 Qf6 18.Rad1 c6 19.Bb2 Qe7 20.Qb3 c5 21.Nd5 Nxd5 22.exd5 Qd6
23.Bb5 cxb4 24.Bxd7 Qxd7 25.Qxb4 Rxa4 26.Qxb6 Ra6 27.Qb3 Bxd5 28.Qd3 Be6
29.Qe2 Rd6  1/2-1/2

[Event "Novy Smokovec"]
[Site "Novy Smokovec"]
[Date "1992.??.??"]
[Round "?"]
[White "Van Wely, Loek"]
[Black "Malisauskas, Vidmantas"]
[Result "1/2-1/2"]
[WhiteElo "2525"]
[BlackElo "2530"]

1.d4 Nf6 2.c4 g6 3.Nc3 d5 4.Nf3 Bg7 5.Bf4 O-O 6.Rc1 c5 7.dxc5 dxc4 8.Qxd8 Rxd8
9.e4 Na6 10.c6 bxc6 11.Bxc4 Nc5 12.Ne5 Be6 13.Bxe6 Nxe6 14.Be3 Nxe4 15.Nxc6 Bxc3+
16.bxc3 Rd7 17.f3 N4c5 18.O-O Rc8 19.Nd4 Nd3 20.Rb1 Nxd4 21.cxd4 Rc3 22.Rfd1 Ra3
23.Kf1 a5 24.Rb3 Rxb3 25.axb3 Nb4 26.Ke2 Nd5 27.Ra1 Nxe3  1/2-1/2

[Event "World op"]
[Site "Philadelphia"]
[Date "1992.??.??"]
[Round "1"]
[White "Van Wely, Loek"]
[Black "Popovych, Orest"]
[Result "1-0"]
[WhiteElo "2560"]
[BlackElo "2260"]

1.d4 Nf6 2.c4 g6 3.Nc3 Bg7 4.e4 d6 5.Nf3 O-O 6.h3 e5 7.d5 Na6 8.Bg5 Qe8 9.g4 Nd7
10.Rg1 Kh8 11.Qd2 f6 12.Be3 Ndc5 13.O-O-O Na4 14.Nb5 Bd7 15.Qa5 Bxb5 16.cxb5 N6c5
17.Nd2 f5 18.gxf5 gxf5 19.Qxc7 Rf7 20.Qa5 fxe4 21.Kb1 a6 22.b6 Nd3 23.Bxd3 exd3
24.Ne4 Qd7 25.Rxd3 Rf4 26.Bxf4 exf4 27.Rxg7 Kxg7 28.Ra3 Nc5 29.Qc3+  1-0

[Event "SWZ-chI op"]
[Site "?"]
[Date "1992.??.??"]
[Round "2"]
[White "Maeser, Fabian"]
[Black "Van Wely, Loek"]
[Result "0-1"]
[WhiteElo "2335"]
[BlackElo "2525"]

1.Nf3 c5 2.c4 Nc6 3.g3 g6 4.Bg2 Bg7 5.Nc3 Nh6 6.h4 Nf5 7.h5 O-O 8.d3 e6 9.Bg5 f6
10.Bd2 g5 11.Ne4 b6 12.h6 Bh8 13.g4 Nfe7 14.Nd6 Ng6 15.e3 Ba6 16.Qa4 Qe7
17.Qxa6 Qxd6 18.O-O-O f5 19.Nxg5 fxg4 20.Ne4 Qe7 21.Qa3 Nb4 22.Kb1 a5 23.Bc3 d5
24.Bxh8 Kxh8 25.cxd5 exd5 26.Nc3 Rad8 27.Rh5 Qe6 28.Qb3 c4 29.dxc4 dxc4 30.Qa4 Nf4
31.Be4 Nxh5  0-1

[Event "SWZ-chI op"]
[Site "?"]
[Date "1992.??.??"]
[Round "3"]
[White "Van Wely, Loek"]
[Black "Belotti, Bruno"]
[Result "1-0"]
[WhiteElo "2525"]
[BlackElo "2405"]

1.d4 Nf6 2.c4 e6 3.Nf3 b6 4.g3 Ba6 5.Nbd2 Bb7 6.Bg2 c5 7.d5 exd5 8.Nh4 Qc8
9.cxd5 Bxd5 10.e4 Bb7 11.O-O Nc6 12.e5 Ng8 13.Ne4 g6 14.b3 Nd4 15.Bb2 Ne6
16.f4 Nh6 17.Nf6+ Ke7 18.Nd5+ Ke8 19.g4 Be7 20.Nxe7 Kxe7 21.Qd6+ Ke8 22.f5 Bxg2
23.Nxg2 gxf5 24.gxf5 Qb7 25.fxe6 fxe6 26.Qd3 Nf5 27.Rad1 Rg8 28.Qf3 Qxf3
29.Rxf3 Rg5 30.Kf2 Ne7 31.Ne3 b5 32.Rg3 Rh5 33.Ng4 Kf8 34.Rxd7 Rf5+ 35.Kg1 Ng6
36.Nh6  1-0

[Event "SWZ-chI op"]
[Site "?"]
[Date "1992.??.??"]
[Round "6"]
[White "Ciolac, Gheorghe"]
[Black "Van Wely, Loek"]
[Result "0-1"]
[WhiteElo "2385"]
[BlackElo "2525"]

1.d4 Nf6 2.Nf3 g6 3.Bg5 Bg7 4.Nbd2 O-O 5.e4 d6 6.c3 Nbd7 7.Be2 h6 8.Bh4 Nh5
9.O-O Nf4 10.Bc4 c6 11.Re1 b5 12.Bf1 Rb8 13.Qc2 Re8 14.a4 a6 15.e5 dxe5 16.Bg3 Nh5
17.Bxe5 Nxe5 18.Nxe5 Bf5 19.Qd1 Bxe5 20.Rxe5 Nf6 21.Qf3 Qd6 22.h3 Be6 23.axb5 axb5
24.Ne4 Nxe4 25.Qxe4 Ra8 26.Qe1 Kg7 27.g3 Rxa1 28.Qxa1 Bd5 29.b4 e6 30.h4 Qb8
31.Re1 Re7 32.Qb2 Ra7 33.Ra1 Rxa1 34.Qxa1 e5 35.Qd1 e4 36.Qd2 Qa7 37.Qe1 g5
38.hxg5 hxg5 39.Bh3 Kg6 40.Bg2 Qe7 41.Qe3 Qe6 42.Kf1 f5 43.Ke1 Kf6 44.Kf1 Qe7
45.Kg1 Qc7 46.Qe2 Qh7 47.Qd2 Qh5 48.Qe1 Kg7 49.Qc1 Qg4 50.Qa1 f4 51.Qa7+ Kg6
52.Qb8 f3 53.Qe8+ Kg7 54.Qe7+ Bf7 55.Qe5+ Kg6 56.Bf1 Qe6 57.Qh8 g4 58.Qh4 Qf5
59.Qe7 Bd5 60.Qe8+ Qf7 61.Qe5 Qe6 62.Qf4 Kg7 63.Qg5+ Kf7 64.Qf4+ Kg6 65.Kh2 Qf5
66.Qd6+ Qf6 67.Qd7 Qe6 68.Qd8 e3 69.Bd3+ Be4 70.Bxe4+ Qxe4 71.Qd6+ Kf5 72.Qd7+ Qe6
73.Qh7+ Qg6 74.Qd7+ Ke4 75.Qe7+ Kd3 76.Qxe3+ Kc4 77.d5 Qh7+ 78.Kg1 Qb1+ 79.Kh2 Qf1
80.Qe4+ Kb3  0-1

[Event "SWZ-chI op"]
[Site "?"]
[Date "1992.??.??"]
[Round "7"]
[White "Van Wely, Loek"]
[Black "Grooten, Herman"]
[Result "1-0"]
[WhiteElo "2525"]
[BlackElo "2405"]

1.d4 Nf6 2.c4 e6 3.Nf3 b6 4.g3 Ba6 5.Nbd2 Bb7 6.Bg2 d5 7.O-O Be7 8.Qa4+ c6
9.cxd5 exd5 10.Ne5 O-O 11.Ndf3 c5 12.Rd1 Qc8 13.Bf4 h6 14.Rac1 Qe6 15.dxc5 bxc5
16.b4 g5 17.bxc5 gxf4 18.c6 Bc8 19.Qxf4 Ne4 20.Nd4 Qg6 21.Nb5 Qg7 22.h4 Be6
23.Bxe4 dxe4 24.Nc7 Bf6 25.Nxa8 Bxe5 26.Qxe4 f5 27.Qg2 Rc8 28.c7 Nd7 29.Qb7 Qf8
30.Rc6 Kf7 31.Rxe6 Kxe6 32.Qd5+ Kf6 33.Qc6+ Kg7 34.Qxd7+ Kg6 35.Qxc8 Qxc8
36.Rd8 Qb7 37.c8=Q Qb1+ 38.Kh2 Qf1 39.Qe6+ Bf6 40.Rg8+  1-0

[Event "Sonnevanck"]
[Site "Wijk aan Zee"]
[Date "1992.??.??"]
[Round "1"]
[White "Van Wely, Loek"]
[Black "Blees, Albert"]
[Result "1-0"]
[WhiteElo "2525"]
[BlackElo "2415"]

1.d4 Nf6 2.c4 g6 3.Nc3 d5 4.Nf3 Bg7 5.Bf4 O-O 6.Rc1 c5 7.dxc5 Qa5 8.cxd5 Ne4
9.Bd2 Nxd2 10.Qxd2 Na6 11.a3 Qxc5 12.e4 Bg4 13.b4 Qd6 14.Be2 Rac8 15.O-O Bxf3
16.Bxf3 Be5 17.Nb5 Bxh2+ 18.Kh1 Qf4 19.Qxf4 Bxf4 20.Rxc8 Rxc8 21.g3 Be5 22.Bg4 Rc4
23.f4 Bb8 24.e5 Nc7 25.d6 exd6 26.Nxd6 Rc3 27.Rd1 h5 28.Ne4 Re3 29.Nf6+ Kg7
30.Bh3 Rxg3 31.Kh2 Re3 32.Rd8 Ne6 33.Rg8+ Kh6 34.Rh8+ Kg7 35.Rh7+ Kf8 36.Bxe6 fxe6
37.Rh8+ Ke7 38.Rxb8 Rxa3 39.Rxb7+ Kd8 40.Ne4 Rf3 41.Nc5 Kc8 42.Rxa7 Rxf4
43.Ra8+  1-0

[Event "Sonnevanck"]
[Site "Wijk aan Zee"]
[Date "1992.??.??"]
[Round "2"]
[White "Van Wely, Loek"]
[Black "Armas, Iulius"]
[Result "1-0"]
[WhiteElo "2525"]
[BlackElo "2440"]

1.d4 Nf6 2.c4 c5 3.d5 e6 4.Nc3 exd5 5.cxd5 d6 6.e4 g6 7.f4 Bg7 8.Bb5+ Nfd7
9.Bd3 O-O 10.Nf3 b6 11.a4 Na6 12.O-O Nc7 13.Be3 Ba6 14.Bf2 Re8 15.Bh4 Qb8
16.e5 dxe5 17.d6 Bxd3 18.dxc7 Qxc7 19.Qxd3 e4 20.Nxe4 Bxb2 21.Rad1 c4 22.Qd5 c3
23.Nfg5 Rf8 24.Qxd7 Qxd7 25.Nf6+ Kg7 26.Nxd7 Rfd8 27.Nxf7 Kxf7 28.Ne5+  1-0

[Event "Sonnevanck"]
[Site "Wijk aan Zee"]
[Date "1992.??.??"]
[Round "5"]
[White "Nijboer, Friso"]
[Black "Van Wely, Loek"]
[Result "1/2-1/2"]
[WhiteElo "2485"]
[BlackElo "2525"]

1.e4 c5 2.Nf3 d6 3.d4 cxd4 4.Nxd4 Nf6 5.Nc3 a6 6.Bg5 e6 7.f4 Qb6 8.Nb3 Nbd7
9.Be2 Qc7 10.Bf3 Be7 11.Qd3 Rb8 12.h4 b5 13.g4 b4 14.Ne2 a5 15.Nbd4 a4 16.Qe3 Qc5
17.a3 h6 18.Bxf6 Bxf6 19.g5 Bd8 20.axb4 Rxb4 21.O-O-O e5 22.Nf5 Qxe3+ 23.Nxe3 exf4
24.Nf5 O-O 25.gxh6 g6 26.Nxd6 Ne5 27.Nxc8 Nxf3 28.Nd6 Bb6 29.c3 Be3+ 30.Kc2 Rb3
31.Nc4 Rc8 32.Nxe3 fxe3 33.Nd4 Nxd4+ 34.Rxd4 Rcb8 35.Rxa4 Rxb2+ 36.Kd3 e2
37.Re1 Rc8 38.Rc4 Rxc4 39.Kxc4 Rd2 40.e5 Kh7 41.Kb3 Kxh6 42.c4 Rd3+ 43.Kb4 Re3
44.c5 Re4+ 45.Kb5 Rxe5 46.Kb6 f5 47.c6 Re3 48.c7 Rb3+ 49.Kc6 Rc3+ 50.Kd7  1/2-1/2

[Event "Sonnevanck"]
[Site "Wijk aan Zee"]
[Date "1992.??.??"]
[Round "7"]
[White "Van Mil, Johannes A J"]
[Black "Van Wely, Loek"]
[Result "1/2-1/2"]
[WhiteElo "2450"]
[BlackElo "2525"]

1.e4 d5 2.exd5 Qxd5 3.Nc3 Qa5 4.d4 Nf6 5.Nf3 c6 6.Bc4 Bf5 7.Bd2 e6 8.Qe2 Bb4
9.Ne5 Nbd7 10.Nxd7 Nxd7 11.a3 Nf6 12.O-O-O Bxc3 13.Bxc3 Qc7 14.d5 cxd5 15.Bxd5 Nxd5
16.Rxd5 O-O 17.Rd4 Rfe8 18.Rc4 Qd6 19.g4 Bg6 20.h4 f6 21.f4 Rac8 22.Rxc8 Rxc8
23.Qe3 Rc4 24.h5 Be4 25.Rd1 Bd5 26.Rd4 Rxd4 27.Bxd4 Bf3 28.Qxf3  1/2-1/2

[Event "Sonnevanck"]
[Site "Wijk aan Zee"]
[Date "1992.??.??"]
[Round "9"]
[White "Ernst, Thomas"]
[Black "Van Wely, Loek"]
[Result "0-1"]
[WhiteElo "2570"]
[BlackElo "2525"]

1.e4 d6 2.d4 Nf6 3.Nc3 g6 4.f4 Bg7 5.Nf3 c5 6.Bb5+ Bd7 7.e5 Ng4 8.e6 Bxb5
9.exf7+ Kd7 10.Nxb5 Qa5+ 11.Nc3 cxd4 12.Nxd4 h5 13.h3 Nc6 14.Ne2 Nh6 15.Be3 Nf5
16.Bf2 Rac8 17.O-O h4 18.a3 Qa6 19.Ne4 Kc7 20.c3 Kb8 21.Ng5 Rhf8 22.Re1 Bf6
23.Qb3 Nd8 24.Nd4 Bxd4 25.Bxd4 Qc4 26.Qxc4 Rxc4 27.Bf6 Rc7 28.Bd4 Rc8 29.Rad1 Nxf7
30.Nxf7 Rxf7 31.Re6 Rg8 32.Be3 b6 33.Bc1 Kc7 34.Rde1 Kd7 35.R6e4 Rc8 36.Re6 Rg7
37.R6e4 Rgg8 38.Ra4 a5 39.Rae4 Rc5 40.Kh2 Rd5 41.Kg1 Rd3 42.Kf2 Rc8 43.Re6 Rg3
44.R6e4 b5 45.Bd2 Rc4 46.Rxc4 bxc4 47.Re4 Rd3 48.Ke1 d5 49.Re5 a4 50.Kd1 e6
51.Re1 Ke7 52.Kc1 Kf6 53.Kd1 Ng3 54.Kc2 Ne4 55.Bc1 Rg3 56.Re2 Nc5 57.Be3 Nd3
58.Bf2 Nxf4 59.Bxg3 Nxe2 60.Bxh4+ g5 61.Bf2 Nf4 62.h4 Nxg2 63.hxg5+ Kxg5
64.Kd2 e5  0-1

[Event "Bern op"]
[Site "Bern"]
[Date "1993.??.??"]
[Round "7"]
[White "Ambroz, Jan"]
[Black "Van Wely, Loek"]
[Result "1/2-1/2"]
[WhiteElo "2405"]
[BlackElo "2560"]

1.e4 d6 2.d4 Nf6 3.Bd3 g6 4.Nf3 Bg7 5.O-O O-O 6.c3 Nc6 7.Nbd2 e5 8.dxe5 Nxe5
9.Nxe5 dxe5 10.Nc4 Qe7 11.Qc2 b6 12.Bg5 h6 13.Bh4 Bb7 14.Ne3 Rfd8 15.Rad1 Rd6
16.f3 Rad8 17.Be2 h5 18.Rxd6 Rxd6 19.Rd1 Bh6 20.Bf2 Bc8 21.Rxd6 Qxd6 22.Nc4 Qe6
23.b4 Ba6 24.Ne3 Bxe2 25.Qxe2 c6 26.Kf1 b5 27.Qc2 Nd7 28.Qb3 Qd6 29.Qd1 Qe7
30.a4 a6 31.axb5 axb5 32.Qb3 Nb6 33.Ke2 Kg7 34.h3 Bxe3 35.Bxe3 Nc4 36.Qd1 Qh4
37.Bf2 Qg5 38.g3 h4 39.gxh4 Qe7 40.h5 gxh5 41.h4 f6 42.Bc5 Qe8 43.Qa1 Qd8
44.Qa7+ Kg6 45.Qe7 Qxe7 46.Bxe7 Nb6 47.Bd8 Nd7 48.Bc7 Kf7 49.f4 Ke6 50.f5+ Ke7  1/2-1/2

[Event "Groningen PCA"]
[Site "Groningen"]
[Date "1993.??.??"]
[Round "11"]
[White "Nijboer, Friso"]
[Black "Van Wely, Loek"]
[Result "1/2-1/2"]
[WhiteElo "2555"]
[BlackElo "2585"]

1.Nf3 Nf6 2.g3 d5 3.Bg2 Bf5 4.d3 e6 5.O-O h6 6.Nbd2 Be7 7.Qe1 c5 8.e4 Bh7
9.Ne5 O-O 10.f4 Qc7 11.Qe2 Na6 12.a3 b5 13.Ng4  1/2-1/2

[Event "Hania op"]
[Site "Hania"]
[Date "1993.??.??"]
[Round "6"]
[White "Frendzas, Panayotis"]
[Black "Van Wely, Loek"]
[Result "1/2-1/2"]
[WhiteElo "2345"]
[BlackElo "2585"]

1.Nf3 Nf6 2.g3 g6 3.Bg2 Bg7 4.O-O O-O 5.d4 d6 6.a4 Nbd7 7.Nc3 e5 8.e4 c6
9.Re1 Re8 10.b3 a5 11.Bb2 exd4 12.Nxd4 Nc5 13.Qd2 Qb6 14.h3 Bd7 15.Rad1 Rad8
16.Ba3 Bc8 17.Kh2 h5 18.Qf4 Nfd7 19.Qd2 Ne5 20.f4 Ned7 21.Nf3 Bxc3 22.Qxc3 Nxe4
23.Rxe4 Rxe4 24.Bb2 f6 25.Rxd6 Rf8 26.Nh4 Qb4 27.Qxb4 Rxb4 28.Bc3 Re8 29.Bxb4 axb4
30.Bf3 Re3 31.Kg2 Kf7 32.f5 g5 33.Ng6 Rc3 34.Re6 Rxc2+ 35.Kf1 Ne5 36.Re7+ Kg8
37.Nxe5 Bxf5 38.Nd7 Bxh3+ 39.Ke1 Bxd7 40.Rxd7 g4 41.Be4 Rc3 42.Rd3 Rc5 43.Kd2 f5
44.Rd8+ Kg7 45.Bd3 Rc3 46.Rb8 Rxb3 47.Rxb7+ Kf6 48.Rb6 Rb2+ 49.Bc2 Kg5 50.Kc1 Ra2
51.Rxb4 Ra3 52.Bb3 c5 53.Rb8 c4 54.Rg8+ Kf6 55.Bc2 Rxg3 56.Rf8+ Ke7 57.Rxf5 h4
58.Rh5 h3 59.Bf5 Rg2 60.Bxg4 Rxg4  1/2-1/2

[Event "Heraklio op"]
[Site "Heraklio"]
[Date "1993.??.??"]
[Round "2"]
[White "Van Wely, Loek"]
[Black "Kostic, Nebojsa"]
[Result "1-0"]
[WhiteElo "2585"]
[BlackElo "2405"]

1.d4 Nf6 2.c4 e5 3.dxe5 Ng4 4.Bf4 Bb4+ 5.Nd2 d6 6.exd6 Qf6 7.Bg3 Qxb2 8.Nf3 Bf5
9.a3 Bc3 10.Rc1 Qxa3 11.e4 Bd7 12.Qc2 Bb4 13.dxc7 Na6 14.Be2 O-O 15.h3 Nf6
16.O-O Ba4 17.Qb1 Ne8 18.e5 Bxd2 19.Nxd2 Bc6 20.Ne4 Naxc7 21.Rc3 Qa5 22.Re3 Ne6
23.f4 Nd4 24.f5 Nxe2+ 25.Rxe2 Nc7 26.Qc1 Rfd8 27.Qg5 Bxe4 28.Rxe4 Qd2 29.Qg4 Ne8
30.f6 Qh6 31.Qf3 Qg6 32.fxg7 Nc7 33.Rg4 Qc6 34.Qf5 Qe6 35.Qh5 Rd7 36.Rf6 Rd1+
37.Kh2 Qd7 38.Bf4 Ne8 39.Qxh7+  1-0

[Event "Heraklio op"]
[Site "Heraklio"]
[Date "1993.??.??"]
[Round "3"]
[White "Gdanski, Jacek"]
[Black "Van Wely, Loek"]
[Result "1-0"]
[WhiteElo "2485"]
[BlackElo "2585"]

1.e4 d6 2.d4 Nf6 3.Nc3 g6 4.Be3 c6 5.Qd2 b5 6.Bd3 Nbd7 7.Nf3 e5 8.dxe5 dxe5
9.h3 Bg7 10.a4 b4 11.Ne2 a5 12.c3 Rb8 13.cxb4 Rxb4 14.Qc2 O-O 15.O-O Qc7
16.Rfc1 Qb8 17.Rab1 Qa8 18.Bd2 Rb8 19.Ng3 c5 20.Bc3 Re8 21.Qe2 Bb7 22.Bb5 Bc6
23.Bxc6 Qxc6 24.b3 Bh6 25.Nd2 Qe6 26.Ngf1 c4 27.Qxc4 Qxc4 28.bxc4 Ra8 29.Re1 Nc5
30.Rb5 Nxa4 31.Bxe5 Bg7 32.Nb3 Rac8 33.Nfd2 Nc5 34.Rxc5 Rxc5 35.Bxf6 Rc7
36.Bxg7 Kxg7 37.Ra1  1-0

[Event "Heraklio op"]
[Site "Heraklio"]
[Date "1993.??.??"]
[Round "4"]
[White "Van Wely, Loek"]
[Black "Ilic, Zoran"]
[Result "1/2-1/2"]
[WhiteElo "2585"]
[BlackElo "2390"]

1.Nf3 c5 2.c4 g6 3.Nc3 Bg7 4.g3 Nc6 5.Bg2 e5 6.O-O Nge7 7.a3 a5 8.d3 d6 9.Ne1 Be6
10.Nd5 O-O 11.Bg5 h6 12.Bxe7 Nxe7 13.Nxe7+ Qxe7 14.Rb1 Qd7 15.Nc2 Rab8 16.b4 axb4
17.axb4 b5 18.bxc5 dxc5 19.cxb5 Rxb5 20.Ne3 Rb4 21.Rc1 Rc8 22.Qd2 Ra4 23.Rc2 Bb3
24.Rb2 Rb4 25.Rc1 Bf8 26.Qc3 Rcb8 27.Nc2 Bxc2 28.Rbxc2 Qd4 29.Qe1 h5 30.h4 Be7
31.Bf3 Kg7 32.Kg2 Bf8 33.Qd1 Rd8 34.Qf1 Rd7 35.Rc4 Rxc4 36.Rxc4 Qd6 37.Qa1 Be7
38.Ra4 f5 39.Qb2 Bf6 40.Qb5 Qe7 41.Bc6 Rd4 42.Ra5 Rb4 43.Qxc5 Qxc5 44.Rxc5 Kh6
45.e3 Rb2 46.Be8 Rb8 47.Bb5 Rb6 48.Bc4 Rd6 49.Rb5 Rc6 50.Rb7 Rd6 51.Kh3 Rd8
52.f4 exf4 53.gxf4 Re8  1/2-1/2

[Event "Heraklio op"]
[Site "Heraklio"]
[Date "1993.??.??"]
[Round "5"]
[White "Kogan, Artur"]
[Black "Van Wely, Loek"]
[Result "0-1"]
[WhiteElo "2340"]
[BlackElo "2585"]

1.d4 Nf6 2.Nc3 g6 3.e4 d6 4.Be3 c6 5.Qd2 b5 6.Bd3 Nbd7 7.Nf3 e5 8.h3 Bb7
9.dxe5 dxe5 10.O-O Bg7 11.a4 a6 12.Ne2 O-O 13.Ng3 Qc7 14.Bh6 Rfe8 15.Nf5 Bh8
16.Qg5 c5 17.Rfd1 c4 18.Be2 Bxe4 19.Nd6 Bxc2 20.Nxe8 Rxe8 21.Rdc1 Bf5 22.axb5 axb5
23.Qd2 Nc5 24.Qb4 Rb8 25.Be3 Nd3 26.Bxd3 Bxd3 27.Ra7 Nd5 28.Qd2 Qd6 29.Ng5 Rf8
30.Rca1 h6 31.Nf3 Nxe3 32.Qxe3 e4 33.R1a6 Qd5 34.Nh4 Bg7 35.Nxg6 fxg6 36.Rxg6 Rf7
37.Raa6 Qf5 38.Rg4 b4 39.Qxh6 Qxg4 40.Ra8+ Rf8  0-1

[Event "Heraklio op"]
[Site "Heraklio"]
[Date "1993.??.??"]
[Round "8"]
[White "Van Wely, Loek"]
[Black "Sturua, Zurab"]
[Result "1-0"]
[WhiteElo "2585"]
[BlackElo "2540"]

1.d4 Nf6 2.c4 e6 3.Nf3 b6 4.g3 Bb7 5.Bg2 Be7 6.Nc3 O-O 7.O-O Na6 8.b3 d5
9.Bb2 c6 10.Ne5 Nd7 11.Nxd7 Qxd7 12.e4 Nc7 13.Re1 Rfd8 14.Qe2 Rac8 15.Rad1 Ba6
16.Qg4 Bb7 17.h4 Re8 18.Ne2 Bb4 19.Rf1 Bf8 20.Nf4 dxe4 21.Nh5 Qe7 22.Qxe4 Rcd8
23.Qg4 Ba8 24.Rfe1 f5 25.Qe2 g6 26.Nf4 Bg7 27.Rd3 Bf6 28.Qd2 Qg7 29.Re2 Rd6
30.Qe1 Red8 31.Nxe6 Nxe6 32.Rxe6 Rxe6 33.Qxe6+ Qf7 34.Qe2 Bb7 35.Qd2 Qg7
36.Qe3 Qd7 37.Bc3 Qg7 38.Bxc6 Bc8 39.Qd2 g5 40.hxg5 Bxg5  1-0

[Event "Las Palmas op"]
[Site "Las Palmas"]
[Date "1993.??.??"]
[Round "?"]
[White "Fernandez Garcia, Jose L"]
[Black "Van Wely, Loek"]
[Result "1/2-1/2"]
[WhiteElo "2445"]
[BlackElo "2590"]

1.e4 d6 2.d4 Nf6 3.Nc3 g6 4.f4 Bg7 5.Nf3 c5 6.dxc5 Qa5 7.Qd3 Qxc5 8.Be3 Qa5
9.Qb5+ Qxb5 10.Nxb5 Na6 11.e5 Nd5 12.Bd2 O-O 13.O-O-O dxe5 14.Nxe5 Nac7 15.Nxc7 Nxc7
16.Bb4 Re8 17.Bc4 Be6 18.Bxe6 Nxe6 19.g3 a5 20.Bc3 b5 21.Rhe1 Rec8 22.Rd5 b4
23.Bd2 Bf8 24.Nd7 Rc6 25.Nxf8 Kxf8 26.f5 gxf5 27.Kb1 f6 28.Rxf5 Kf7 29.Rd5  1/2-1/2

[Event "Leeuwarden op"]
[Site "Leeuwarden"]
[Date "1993.??.??"]
[Round "1"]
[White "Leuw, Mi"]
[Black "Van Wely, Loek"]
[Result "0-1"]
[WhiteElo "2325"]
[BlackElo "2585"]

1.e4 c5 2.Nf3 d6 3.d4 cxd4 4.Nxd4 Nf6 5.Nc3 a6 6.Bg5 e6 7.f4 Qb6 8.Qd2 Qxb2
9.Rb1 Qa3 10.Bxf6 gxf6 11.Be2 Nc6 12.Nxc6 bxc6 13.e5 d5 14.exf6 Bb4 15.Rb3 Qa5
16.a3 Bd6 17.O-O Rb8 18.Rxb8 Bxb8 19.Qd3 Qxa3 20.Qg3 Ba7+ 21.Kh1 Bd4 22.Bh5 Qxc3  0-1

[Event "Leeuwarden op"]
[Site "Leeuwarden"]
[Date "1993.??.??"]
[Round "9"]
[White "Bosboom, Manuel"]
[Black "Van Wely, Loek"]
[Result "0-1"]
[WhiteElo "2440"]
[BlackElo "2585"]

1.e4 d6 2.d4 Nf6 3.Nc3 g6 4.Nf3 Bg7 5.Be2 O-O 6.O-O c6 7.h3 Nbd7 8.a4 e5
9.dxe5 dxe5 10.Bc4 Qe7 11.b3 Nc5 12.Ba3 a5 13.Qd2 Nh5 14.Rad1 Nf4 15.Ne2 Nfe6
16.Qe3 b6 17.Bb2 Qc7 18.Rd2 Rb8 19.Ba3 Rd8 20.Bxe6 Nxe6 21.Rfd1 Rxd2 22.Qxd2 c5
23.Nc3 Bb7 24.Nd5 Bxd5 25.exd5 Nd4 26.Nxd4 exd4 27.Bb2 Qe5 28.Re1 Qxd5 29.Qf4 Rd8
30.Bc1 d3 31.cxd3 Qxb3 32.Qc7 Qxd3 33.Qxb6 c4 34.Be3 c3 35.Qxa5 c2 36.Qb4 Bc3  0-1

[Event "Munich op9293"]
[Site "Munich"]
[Date "1993.??.??"]
[Round "3"]
[White "Van Wely, Loek"]
[Black "Titz, Heimo"]
[Result "1-0"]
[WhiteElo "2525"]
[BlackElo "2345"]

1.d4 Nf6 2.c4 e6 3.Nf3 b6 4.g3 Ba6 5.Nbd2 Bb7 6.Bg2 Be7 7.e4 Nxe4 8.Ne5 d5
9.Qa4+ Kf8 10.O-O f6 11.Nd3 Bc6 12.Qc2 f5 13.Nf4 Qd7 14.Nxe4 dxe4 15.Rd1 Bb7
16.d5 exd5 17.Nxd5 Bd6 18.Bf4 Bxd5 19.Rxd5 Nc6 20.Qd2 Rd8 21.Rd1 Ne7 22.Bxd6 cxd6
23.Rxd6 Qxd6 24.Qxd6 Rxd6 25.Rxd6 Kf7 26.Rd7 Rc8 27.b3 a5 28.f3 b5 29.Bf1 exf3
30.cxb5 Ke6 31.Ra7 Nd5 32.Bc4 Ke5 33.Rxg7 Nb6 34.Re7+ Kd4 35.Rxh7 Nxc4 36.bxc4 Kxc4
37.b6 Kb4 38.b7 Rb8 39.Rf7 a4 40.Rxf5 Rxb7 41.Rxf3 Rd7 42.h4 Rd5 43.g4 Rd4
44.Rg3 Kc5 45.h5 Kd6 46.g5 Ke7 47.g6 Kf8 48.h6 Rh4 49.g7+ Kg8 50.Rg6  1-0

[Event "Munich op9293"]
[Site "Munich"]
[Date "1993.??.??"]
[Round "4"]
[White "Spassov, Liuben"]
[Black "Van Wely, Loek"]
[Result "0-1"]
[WhiteElo "2410"]
[BlackElo "2525"]

1.Nf3 Nf6 2.g3 g6 3.Bg2 Bg7 4.O-O O-O 5.d4 d6 6.c4 Nbd7 7.Nc3 e5 8.e4 exd4
9.Nxd4 Re8 10.h3 a6 11.Nb3 Ne5 12.c5 dxc5 13.Nxc5 Qe7 14.Nb3 Be6 15.Qc2 Rad8
16.Be3 b6 17.Rad1 Bc4 18.Rxd8 Rxd8 19.Rd1 Rxd1+ 20.Qxd1 Nd3 21.Qd2 b5 22.Na5 Qb4
23.Nxc4 bxc4 24.b3 Nd7 25.Nb1 Qxd2 26.Bxd2 cxb3 27.axb3 Bd4 28.Bf1 Nxf2 29.Kg2 Nxe4
30.Bxa6 Ne5 31.Bf4 Nc5 32.Bxe5 Bxe5 33.Bc4 Ne4 34.g4 Bd6 35.Bd5 Nf6 36.Bc6 Bb4
37.Kf3 Kf8 38.Ke3 Ke7 39.Kd4 Kd6 40.Bf3 c5+ 41.Kc4 Nd7 42.Be2 Ne5+ 43.Kb5 f5
44.gxf5 gxf5 45.Ka4 f4 46.Na3 Bxa3 47.Kxa3 f3 48.Bf1 Kd5 49.Ka4 f2  0-1

[Event "New York op"]
[Site "New York"]
[Date "1993.??.??"]
[Round "1"]
[White "Van Wely, Loek"]
[Black "Zimmer, Ralph"]
[Result "1-0"]
[WhiteElo "2560"]
[BlackElo "2260"]

1.d4 Nf6 2.c4 c5 3.d5 b5 4.cxb5 a6 5.b6 e6 6.Nc3 Nxd5 7.Nxd5 exd5 8.Qxd5 Nc6
9.Nf3 Rb8 10.e4 Be7 11.Bc4 O-O 12.O-O Rxb6 13.Qh5 Qe8 14.b3 Bf6 15.Qxc5 Rb8
16.Bf4 Bxa1 17.Bxb8 Bc3 18.Qe3 Nxb8 19.Qxc3 Bb7 20.Re1 h6 21.Ne5 Kh7 22.Bxf7  1-0

[Event "New York op"]
[Site "New York"]
[Date "1993.??.??"]
[Round "2"]
[White "Yedidia, Jonathan"]
[Black "Van Wely, Loek"]
[Result "1/2-1/2"]
[WhiteElo "2315"]
[BlackElo "2560"]

1.e4 d6 2.d4 Nf6 3.Nc3 g6 4.f4 Bg7 5.Nf3 c5 6.Bb5+ Bd7 7.e5 Ng4 8.e6 Bxb5
9.exf7+ Kd7 10.Nxb5 Qa5+ 11.Nc3 cxd4 12.Nxd4 h5 13.h3 Nc6 14.Ne2 Nh6 15.Be3 Nf5
16.Bf2 Rac8 17.Qd2 h4 18.O-O-O Rhf8 19.Kb1 Rxf7 20.Qe1 Qa6 21.Ne4 Na5 22.Nc5+ Rxc5
23.Bxc5 Nc4 24.Bd4 Nce3 25.Bxe3 Nxe3 26.Rd3 Nxg2 27.Qb4 Qb6 28.Qxb6 axb6
29.Rb3 Nxf4 30.Nxf4 Rxf4 31.Rxb6 Kc7 32.Rb3 g5 33.a3 d5 34.Re1 e5 35.Rc3+ Kb6
36.Rb3+ Ka6 37.Rc3 d4 38.Rc7 Bf6 39.Rf7 e4 40.Rxe4 Rxe4 41.Rxf6+ b6 42.Rg6 Re1+
43.Ka2 Rg1 44.a4 Ka5 45.Rd6 Kxa4 46.Rxb6 Rg3 47.Rd6 Kb5 48.Rxd4 Kc6 49.Rc4+ Kd6
50.b4 Rxh3 51.b5 Rf3 52.Rc6+ Kd7 53.Rc5 g4 54.Rc4 Rf5  1/2-1/2

[Event "New York op"]
[Site "New York"]
[Date "1993.??.??"]
[Round "4"]
[White "Fang, Joseph"]
[Black "Van Wely, Loek"]
[Result "1-0"]
[WhiteElo "2330"]
[BlackElo "2560"]

1.d4 Nf6 2.c4 g6 3.Nc3 Bg7 4.e4 d6 5.f4 O-O 6.Nf3 c5 7.d5 e6 8.Be2 exd5 9.cxd5 Re8
10.e5 dxe5 11.fxe5 Ng4 12.Bg5 Qb6 13.O-O Nxe5 14.d6 Qxb2 15.Nd5 Nbc6 16.Rb1 Nxf3+
17.Bxf3 Qe5 18.Nf6+ Bxf6 19.Bxf6 Qxf6 20.Bxc6 Bf5 21.Bxe8 Rxe8 22.Rxb7 Rd8
23.d7 c4 24.Re1 Qc6 25.Re8+ Rxe8 26.d8=Q Rxd8 27.Qxd8+ Kg7 28.Qd4+ Qf6 29.Qxf6+ Kxf6
30.Kf2 c3 31.Rxa7 c2 32.Rc7 Be4 33.Ke3 Ke5 34.Kd2 f5 35.Rxh7 Bxg2 36.Kxc2 g5
37.Kd2 Bc6 38.Rh6 Bd7 39.Ra6 Ke4 40.a4 Kf3 41.a5 g4 42.Rf6 f4 43.a6 Bc8 44.a7 Bb7
45.Rf8  1-0

[Event "New York op"]
[Site "New York"]
[Date "1993.??.??"]
[Round "6"]
[White "Zlotnikov, Mikhail"]
[Black "Van Wely, Loek"]
[Result "0-1"]
[WhiteElo "2385"]
[BlackElo "2560"]

1.c4 g6 2.Nc3 Bg7 3.g3 d6 4.Bg2 Nf6 5.Nf3 O-O 6.O-O e5 7.d3 h6 8.Rb1 a5 9.a3 Re8
10.Nd2 c6 11.b4 axb4 12.axb4 d5 13.b5 Be6 14.bxc6 bxc6 15.Qc2 Bf8 16.Bb2 Na6
17.Na2 Bg4 18.Rfe1 Qd7 19.Nf3 Bd6 20.Bc3 Bh3 21.Qc1 d4 22.Bd2 Bxg2 23.Kxg2 Nc5
24.Nb4 h5 25.Qc2 Ng4 26.Ra1 Rxa1 27.Rxa1 e4 28.dxe4 Nxe4 29.Nd3 h4 30.Nxh4 Nexf2
31.Nf4 Ne4 32.Nf3 g5 33.Nh5 Ngf2 34.Nf6+ Nxf6 35.Kxf2 Qh3 36.Rg1 Ne4+ 37.Ke1 g4  0-1

[Event "New York op"]
[Site "New York"]
[Date "1993.??.??"]
[Round "8"]
[White "Winslow, Elliott C"]
[Black "Van Wely, Loek"]
[Result "0-1"]
[WhiteElo "2280"]
[BlackElo "2560"]

1.e4 c5 2.Nf3 e6 3.d4 cxd4 4.Nxd4 Nf6 5.Nc3 d6 6.Be3 a6 7.f3 b5 8.g4 h6 9.Qd2 Bb7
10.O-O-O Nbd7 11.h4 Ne5 12.Rg1 Rc8 13.g5 Nfd7 14.Kb1 Nc5 15.a3 h5 16.g6 Nxg6
17.b4 Nxh4 18.Bg5 Be7 19.Bxh4 Bxh4 20.bxc5 dxc5 21.Ndxb5 Qxd2 22.Rxd2 axb5
23.Bxb5+ Bc6 24.Bxc6+ Rxc6 25.f4 Bd8 26.Rh2 Ba5 27.Nb5 g6 28.c4 Ke7 29.e5 Rd8
30.Kc2 Rd7 31.Rg3 Rc8 32.Nd6 Rcd8 33.Rb3 Bc7 34.Nb7 Rc8 35.Rd2 Rxd2+ 36.Kxd2 f6
37.exf6+ Kxf6 38.Ke3 Kf5 39.Rb5 Bxf4+ 40.Kf3 g5 41.Nxc5 g4+ 42.Ke2 e5  0-1